Central Library OPAC University of Rajshahi

A higher school certificate inorganic chemistry / (Record no. 70407)

MARC details
000 -LEADER
fixed length control field 00735nam a2200241 a 4500
001 - CONTROL NUMBER
control field 70407
003 - CONTROL NUMBER IDENTIFIER
rucl marc code BD-RjUL
005 - DATE AND TIME OF LATEST TRANSACTION
control field 20211209082008.0
008 - FIXED-LENGTH DATA ELEMENTS--GENERAL INFORMATION
fixed length control field 170417r19491940enka 001 0 eng d
035 ## - SYSTEM CONTROL NUMBER
System control number (BD-RjUL)70621
040 ## - CATALOGING SOURCE
Original cataloging agency EQO
Transcribing agency EQO
Language of cataloging eng
Modifying agency BD-RjUL
041 ## - LANGUAGE CODE
Language code of text/sound track or separate title eng
082 ## - DEWEY DECIMAL CLASSIFICATION NUMBER
Edition number 23
Classification number 546
Author mark and year ADH 1949
100 1# - MAIN ENTRY--PERSONAL NAME
Personal name Adlam, George Henry J.
9 (RLIN) 208466
245 12 - TITLE STATEMENT
Title A higher school certificate inorganic chemistry /
Statement of responsibility, etc. by G.H.J. Adlam and Leslie Slater Price.
250 ## - EDITION STATEMENT
Edition statement 2nd ed.
260 ## - PUBLICATION, DISTRIBUTION, ETC. (IMPRINT)
Place of publication, distribution, etc. London :
Name of publisher, distributor, etc. John murray,
Date of publication, distribution, etc. c1940 [reprinted 1949].
300 ## - PHYSICAL DESCRIPTION
Pagination viii, 624 p. :
Illustrations ill. ;
Size 23 cm.
500 ## - GENERAL NOTE
General note Includes index
650 ## - SUBJECT ADDED ENTRY--TOPICAL TERM
Topical term or geographic name as entry element Chemistry, Inorganic
9 (RLIN) 117207
700 1# - ADDED ENTRY--PERSONAL NAME
Personal name Price, Leslie Slater
942 ## - ADDED ENTRY ELEMENTS (KOHA)
Source of classification or shelving scheme Dewey Decimal Classification
Koha item type Books
Holdings
Lost status Source of classification or shelving scheme Damaged status Not for loan Collection code Permanent Location Current Location Shelving location Date acquired Source of acquisition Total Checkouts Full call number Date last seen Copy number Koha item type
  Dewey Decimal Classification   Not For Loan Non-fiction Central Library, University of Rajshahi Central Library, University of Rajshahi Reading Room 11/01/1956 Register Office, R. U   546 ADH 1949 17/04/2017 C-1 Books